Statistics for Guess the Taylor Swift song with no hint 2

Click here to take the quiz!

General Stats

  • This quiz has been taken 1,405 times
    (1,341 since last reset)
  • The average score is 300 of 391

Answer Stats

% Correct
I
100%
a
99%
you
98%
You
98%
the
97%
me
94%
And
92%
when
92%
He
91%
he
91%
it
91%
to
91%
My
90%
my
90%
On
89%
is
86%
wear
86%
like
85%
So
85%
what
85%
I'm
83%
want
83%
They
82%
but
81%
But
81%
know
81%
was
81%
can
80%
for
80%
Not
80%
are
79%
All
78%
at
78%
his
78%
say
78%
its
77%
one
77%
call
76%
Call
76%
dont
76%
cause
75%
Cause
75%
ever
75%
with
75%
did
74%
yeah
74%
him
73%
as
72%
because
72%
than
72%
down
71%
he's
70%
just
70%
look
70%
really
70%
time
70%
up
70%
would
70%
never
69%
said
69%
thing
69%
chain
68%
from
68%
head
68%
knows
68%
neck
68%
baby's
67%
new
67%
owns
67%
round
67%
initial
66%
loves
66%
night
66%
more
65%
right
65%
Walkin'
65%
walkin'
65%
better
64%
brand
64%
daydream
64%
away
63%
every
63%
fly
63%
lover
63%
run
63%
doing
62%
jet
62%
make
62%
Which
62%
whole
62%
fit
61%
need
61%
back
60%
brought
60%
castle
60%
gunfight
60%
heard
60%
High
60%
knife
60%
scene
60%
stream
60%
took
60%
above
59%
alright
59%
calling
59%
crumbled
59%
months
59%
nothin'
59%
overnight
59%
keep
58%
least
58%
liars
58%
Nobody's
58%
same
58%
mistakes
57%
November
57%
save
57%
warm
57%
built
56%
burn
56%
crown
56%
fire
56%
Holdin'
56%
recall
56%
brother
55%
late
55%
learn
55%
under
55%
after
54%
Bridges
54%
eyes
54%
fade
54%
kings
54%
darkest
53%
dressin'
53%
jokers
53%
laughin'
53%
storm
53%
Trust
53%
breath
52%
flowers
52%
grew
52%
makin'
52%
queens
52%
taking
52%
thorns
52%
covers
51%
drama
51%
slowly
51%
swings
51%
Yes
50%
Windows
49%
forts
48%
boarded
47%
Starry
47%
sparkin'
42%

Score Distribution

Percentile by Number Answered

Percent of People with Each Score

Your Score History

You have not taken this quiz since the last reset